| 000 | 005160000a22001690004500 | ||
|---|---|---|---|
| 003 | LK-CoMWRAF | ||
| 008 | 230817t ||||| |||| 00| 0 eng d | ||
| 040 |
_aLK-CoMWRAF _dLK-CoMWRAF _eLK-CoMWRAF |
||
| 041 | _aeng | ||
| 082 |
_a301.10 _bRAS |
||
| 100 | _aRasanayagam, Yoga | ||
| 245 |
_aGlobalization & Flexibility of Female Labour _bCase Studies of Selected Villages in the District ofKurunagala |
||
| 260 |
_aColombo _bCenter for Society and Religion _c1998 |
||
| 300 | _ap.53 | ||
| 490 | _aVol.36 No.2 | ||
| 942 | _cBK | ||
| 999 |
_c235 _d235 |
||